Southville International School and Colleges
Your cart is empty.
  • Cart
  • Lists
    Public lists Eva Luna New books Lux_list list_1
    Your lists Log in to create your own lists
  • Log in to your account
  • Your cookies
  • Search history
Southville International School and Colleges
  • Advanced search
  • Recent comments
  • Most popular
  • Libraries

Log in to your account

Log in with GOOGLE


If you do not have an external account, but do have a local account, you can still log in:

  1. Home
  2. MARC view: Chemistry :
Normal view MARC view ISBD view

Chemistry : (Record no. 288480)

[ view plain ]
MARC details
000 -LEADER
fixed length control field 00835cam a2200229 a 4500
003 - CONTROL NUMBER IDENTIFIER
control field PILC
005 - DATE AND TIME OF LATEST TRANSACTION
control field 20150825133317.0
008 - FIXED-LENGTH DATA ELEMENTS--GENERAL INFORMATION
fixed length control field 060905s cau 000 0 eng d
020 ## - INTERNATIONAL STANDARD BOOK NUMBER
International Standard Book Number 0534408788
050 00 - LIBRARY OF CONGRESS CALL NUMBER
Classification number QD 33
Item number .M39 2004
100 1# - MAIN ENTRY--PERSONAL NAME
Personal name Masterton, William Lewis,
Dates associated with a name 1927-
245 10 - TITLE STATEMENT
Title Chemistry :
Remainder of title principles and reactions : a core text /
Statement of responsibility, etc William L. Masterton, Cecile N. Hurley.
250 ## - EDITION STATEMENT
Edition statement 5th edition.
260 ## - PUBLICATION, DISTRIBUTION, ETC. (IMPRINT)
Place of publication, distribution, etc Belmont, CA :
Name of publisher, distributor, etc Thomson/Brooks/Cole,
Date of publication, distribution, etc 2004.
300 ## - PHYSICAL DESCRIPTION
Extent xxviii, 676 pages :
Other physical details illustrations ;
Dimensions 29 cm.
500 ## - GENERAL NOTE
General note Title on discs: Masterson & Hurley's general chemistry interactive CD-ROM, version 3.0.
500 ## - GENERAL NOTE
General note Includes index.
650 #0 - SUBJECT ADDED ENTRY--TOPICAL TERM
Topical term or geographic name as entry element Chemistry.
700 1# - ADDED ENTRY--PERSONAL NAME
Personal name Hurley, Cecile N.
740 0# - ADDED ENTRY--UNCONTROLLED RELATED/ANALYTICAL TITLE
Uncontrolled related/analytical title Masterson & Hurley's general chemistry interactive CD-ROM, version 3.0.
942 ## - ADDED ENTRY ELEMENTS (KOHA)
Source of classification or shelving scheme Library of Congress Classification
Koha item type Books
Holdings
Withdrawn status Lost status Source of classification or shelving scheme Damaged status Home library Current library Shelving location Date acquired Source of acquisition Sub Shelving location Total Checkouts Full call number Barcode Date last seen Price effective from Koha item type
    Library of Congress Classification   College Library College Library General Circulation Section 08/25/2015 Donation     QD 33 .M39 2004 C19776 05/15/2018 08/25/2015 Books

Chemistry :

APA

Masterton W. L., Hurley C. N., . (2004). Chemistry. Belmont, CA: Thomson/Brooks/Cole.

Chicago

Masterton William Lewis, Hurley Cecile N, . 2004. Chemistry. Belmont, CA: Thomson/Brooks/Cole.

Harvard

Masterton W. L., Hurley C. N., . (2004). Chemistry. Belmont, CA: Thomson/Brooks/Cole.

MLA

Masterton William Lewis, Hurley Cecile N, . Chemistry. Belmont, CA: Thomson/Brooks/Cole. 2004.

  • Place hold
  • Print
  • Cite
  • Add to your cart (remove)
  • Save record
    BIBTEX Dublin Core MARCXML MARC (non-Unicode/MARC-8) MARC (Unicode/UTF-8) MARC (Unicode/UTF-8, Standard) MODS (XML) RIS
  • More searches
    Search for this title in:
    Other Libraries (WorldCat) Other Databases (Google Scholar) Online Stores (Bookfinder.com) Open Library (openlibrary.org)

Exporting to Dublin Core...

SOUTHVILLE LIBRARY

Southville International School and Colleges Library

1281 Tropical Ave. Cor. Luxembourg St., BF Homes International, Las Pinas City

Tel. No. 8256374 / 252358 Loc. 117/146

Powered by Koha